Testing of elastomers and of fabrics coated with elastomers. Test specimens. Directions for preparing. (Record no. 73316)

MARC details
000 -LEADER
fixed length control field 00396nam a2200133Ia 4500
245 #0 - TITLE STATEMENT
Title Testing of elastomers and of fabrics coated with elastomers. Test specimens. Directions for preparing.
260 ## - PUBLICATION, DISTRIBUTION, ETC. (IMPRINT)
Year of publication 1972
500 ## - GENERAL NOTE
General note Standard number: DIN 53 502
650 ## - SUBJECT ADDED ENTRY--TOPICAL TERM
Topical Term Elastomer coating
650 ## - SUBJECT ADDED ENTRY--TOPICAL TERM
Topical Term Elastomers
650 ## - SUBJECT ADDED ENTRY--TOPICAL TERM
Topical Term Fabrics
942 ## - ADDED ENTRY ELEMENTS (KOHA)
Koha item type Standards
Holdings
Withdrawn status Lost status Damaged status Not for loan Collection code Home library Current library Date acquired Koha item type
      Standards DIN standards/German Standards RRII Library RRII Library 31/12/2021 Standards